000 00963nam a2200289 a 4500
001 BRCA_6026
005 20190320205314.0
008 190411s2005----sp-a######---#000-0#eng-#
020 _a8475066933
041 _aeng
044 _asp
050 4 _aN6553
_b.R58 2005
100 1 _aRivero Lake, Rodrigo
_932
245 1 0 _aNamban Art in Viceregal Mexico
_cRodrigo Rivero Lake ; translator Debra Nagao.
260 _aEspaña
_bEstilo México : Turner
_c2005
300 _a327 p.
_bil. (algunas a color), mapas
_c32 cm.
500 _aIncluye cronología comparativa
500 _aIncluye piezas de la colección Franz Mayer: p. 80
504 _aBibliografía: p. 326-327
650 1 4 _aArte mexicano
_xInfluencias japonesas
_915204
650 1 4 _aArte colonial
_zMéxico
_915205
650 1 4 _aArte Namban
_915206
651 4 _aMéxico
_xRelaciones
_zJapón
_95633
651 4 _aJapón
_xRelaciones
_zMéxico
_95634
700 1 _aNagao, Debra
_92576
942 _2lcc
_cB
999 _c5714
_d5714